000 00618nam a22002177a 4500
003 UA-OsUOA
001 79134
007 ta
008 20111103b un ||||| |||| 00| 0 ukr d
100 _aБригунець В.О.
090 _a34
_bБ87
942 _cSA
040 _aUA-OsUOA
_bukr
_cUA-OsUOA
_dUA-OsUOA
245 _aФормування та розвиток відомчої системи освіти МВС періоду існування УРСР
300 _aС.26-31
955 _a0
041 _aukr
080 _a34
773 0 _w79129
650 7 _a34 Право. Юриспруденція
_2UDC
999 _c365453
_d365453